[Event "NOR-chT Clubs"]
[Site "Drammen"]
[Date "2022.05.26"]
[Round "2"]
[White "Stenseng, Benjamin"]
[Black "Andersen, Gunnar"]
[Result "0-1"]
[WhiteElo "1547"]
[BlackElo "1694"]
[PlyCount "64"]
[EventDate "2022.05.26"]
[EventType "team-swiss"]
[EventRounds "6"]
[EventCountry "NOR"]
[SourceTitle "EXT 2024"]
[Source "ChessBase"]
[SourceDate "2023.10.10"]
[SourceVersion "1"]
[SourceVersionDate "2023.10.10"]
[SourceQuality "1"]
[WhiteTeam "Konnerud Tempo II"]
[BlackTeam "Kristiansand"]
[WhiteTeamCountry "NOR"]
[BlackTeamCountry "NOR"]

1. e4 c6 2. Ne2 d5 3. e5 Bf5 4. Ng3 Bg6 5. h4 h6 6. h5 Bh7 7. e6 fxe6 8. d4 Qd6 9. Bd3 Bxd3 10. Qxd3 e5 11. dxe5 Qxe5+ 12. Ne2 Nd7 13. Nbc3 Qd6 14. f4 0-0-0 15. f5 e5 16. fxe6 Qxe6 17. Bf4 Ngf6 18. 0-0-0 Nc5 19. Qd4 b6 20. b4 Nce4 21. Na4 c5 22. bxc5 Nxc5 23. Nxc5 Bxc5 24. Qa4 Kb7 25. Nd4 Qd7 26. Qb3 Rhe8 27. Nf3 Qf5 28. Bh2 Re2 29. Qa4 Rc8 30. Rhf1 Ba3+ 31. Kb1 Rcxc2 32. Nd2 Rc1# 0-1

[Event "Konnerud CC-ch"]
[Site "Konnerud"]
[Date "2020.02.12"]
[Round "4"]
[White "Stenseng, Benjamin"]
[Black "Aure, Anders Nilsson"]
[Result "1/2-1/2"]
[WhiteElo "1482"]
[BlackElo "1772"]
[PlyCount "64"]
[EventDate "2020.01.08"]
[EventType "swiss"]
[EventRounds "6"]
[EventCountry "NOR"]
[SourceTitle "EXT 2024"]
[Source "ChessBase"]
[SourceDate "2023.10.10"]
[SourceVersion "1"]
[SourceVersionDate "2023.10.10"]
[SourceQuality "1"]

1. f4 Nf6 2. Nf3 g6 3. e3 Bg7 4. Be2 0-0 5. 0-0 d5 6. d3 c5 7. Nbd2 Nc6 8. e4 dxe4 9. dxe4 Nd4 10. Bd3 Ng4 11. Qe1 b6 12. h3 Nf6 13. Nc4 b5 14. Nce5 c4 15. Nxd4 Qxd4+ 16. Be3 Qxb2 17. Be2 Nxe4 18. Bf3 Bb7 19. Rb1 Qxa2 20. Rxb5 Nd6 21. Rxb7 Nxb7 22. Bxb7 Rab8 23. Bd5 Rbc8 24. Nc6 Rc7 25. Qe2 Rfc8 26. Rd1 Qa4 27. Ne5 e6 28. Bxc4 Bxe5 29. Bb3 Qe4 30. fxe5 Qxe5 31. Qf2 Qf5 32. Bxa7 Qxf2+ 1/2-1/2

[Event "Konnerud CC-ch"]
[Site "Konnerud"]
[Date "2019.04.11"]
[Round "8"]
[White "Samimy, Abdulrahman"]
[Black "Stenseng, Benjamin"]
[Result "0-1"]
[WhiteElo "1350"]
[BlackElo "1490"]
[PlyCount "40"]
[EventDate "2019.01.16"]
[EventType "swiss"]
[EventRounds "9"]
[EventCountry "NOR"]
[SourceTitle "EXT 2024"]
[Source "ChessBase"]
[SourceDate "2023.10.10"]
[SourceVersion "1"]
[SourceVersionDate "2023.10.10"]
[SourceQuality "1"]

1. e4 d5 2. exd5 Nf6 3. Nc3 Nxd5 4. Nxd5 Qxd5 5. a3 Nc6 6. Nf3 Bf5 7. d3 0-0-0 8. Be3 f6 9. g3 e5 10. Rg1 Bg4 11. Bg2 e4 12. dxe4 Qxe4 13. Qe2 Qa4 14. b3 Bb4+ 15. Kf1 Qa5 16. Qc4 Bc3 17. Rb1 Rhe8 18. h3 Be6 19. Qa4 Qf5 20. b4 Bc4# 0-1

[Event "Konnerud CC-ch"]
[Site "Konnerud"]
[Date "2019.02.13"]
[Round "4"]
[White "Hoisveen, Tore"]
[Black "Stenseng, Benjamin"]
[Result "0-1"]
[WhiteElo "1541"]
[BlackElo "1490"]
[PlyCount "55"]
[EventDate "2019.01.16"]
[EventType "swiss"]
[EventRounds "9"]
[EventCountry "NOR"]
[SourceTitle "EXT 2024"]
[Source "ChessBase"]
[SourceDate "2023.10.10"]
[SourceVersion "1"]
[SourceVersionDate "2023.10.10"]
[SourceQuality "1"]

1. e4 d5 2. exd5 Nf6 3. Nf3 Nxd5 4. Bc4 Bg4 5. h3 Bh5 6. Nc3 e6 7. d3 Nc6 8. Qe2 Nd4 9. Qe4 Nxc2+ 10. Kd2 Bxf3 11. gxf3 Nxc3 12. bxc3 Nxa1 13. Bb2 Bc5 14. d4 0-0 15. Bxa1 Bd6 16. Bd3 g6 17. f4 Qh4 18. Ke3 c5 19. c4 Rae8 20. Bc3 cxd4+ 21. Qxd4 e5 22. Qxd6 exf4+ 23. Kf3 Rd8 24. Qf6 Qxf6 25. Bxf6 Rxd3+ 26. Kxf4 Rc8 27. Ke4 Rd6 28. Ke5 0-1

[Event "Konnerud CC-ch"]
[Site "Konnerud"]
[Date "2018.02.07"]
[Round "4"]
[White "Aure, Anders Nilsson"]
[Black "Stenseng, Benjamin"]
[Result "1-0"]
[WhiteElo "1758"]
[BlackElo "1399"]
[PlyCount "49"]
[EventDate "2018.01.10"]
[EventType "swiss"]
[EventRounds "9"]
[EventCountry "NOR"]
[SourceTitle "EXT 2024"]
[Source "ChessBase"]
[SourceDate "2023.10.10"]
[SourceVersion "1"]
[SourceVersionDate "2023.10.10"]
[SourceQuality "1"]

1. e4 c5 2. b3 d5 3. exd5 Nf6 4. c4 b5 5. d4 Nbd7 6. Nf3 g6 7. Bb2 Bh6 8. Nc3 bxc4 9. Bxc4 Rb8 10. 0-0 Nb6 11. Bb5+ Bd7 12. Bxd7+ Qxd7 13. dxc5 Nc8 14. Ne4 Bg7 15. Nxf6+ Bxf6 16. Bxf6 exf6 17. Re1+ Kf8 18. Qd4 Kg7 19. Rac1 Rd8 20. Red1 Qf5 21. Qd3 Qh5 22. d6 Ne7 23. c6 Nxc6 24. Rxc6 Rb7 25. Qd5 1-0

[Event "Konnerud CC-ch"]
[Site "Konnerud"]
[Date "2018.01.31"]
[Round "3"]
[White "Stenseng, Benjamin"]
[Black "Ngoc, Mathias Le"]
[Result "1-0"]
[WhiteElo "1399"]
[BlackElo "1155"]
[PlyCount "51"]
[EventDate "2018.01.10"]
[EventType "swiss"]
[EventRounds "9"]
[EventCountry "NOR"]
[SourceTitle "EXT 2024"]
[Source "ChessBase"]
[SourceDate "2023.10.10"]
[SourceVersion "1"]
[SourceVersionDate "2023.10.10"]
[SourceQuality "1"]

1. d4 d5 2. c4 Nf6 3. Nc3 e6 4. Bg5 Bb4 5. Qc2 Nc6 6. e3 h6 7. Bh4 0-0 8. Nf3 Qd6 9. c5 Qd7 10. Bxf6 gxf6 11. Bd3 e5 12. Nd2 Re8 13. a3 Ba5 14. b4 exd4 15. Ne2 dxe3 16. fxe3 Bxb4 17. axb4 Nxb4 18. Qc3 Nc6 19. 0-0 Rxe3 20. Bh7+ Kxh7 21. Qxe3 Qg4 22. Rxf6 Kg7 23. Raf1 d4 24. Qxh6+ Kg8 25. Rxf7 Be6 26. Qh7# 1-0

[Event "Konnerud GP"]
[Site "Konnerud"]
[Date "2017.11.18"]
[Round "3"]
[White "Paulsen, Stig Atle"]
[Black "Stenseng, Benjamin"]
[Result "1-0"]
[WhiteElo "1674"]
[BlackElo "1171"]
[PlyCount "43"]
[EventDate "2017.11.18"]
[EventType "swiss"]
[EventRounds "5"]
[EventCountry "NOR"]
[SourceTitle "EXT 2024"]
[Source "ChessBase"]
[SourceDate "2023.10.10"]
[SourceVersion "1"]
[SourceVersionDate "2023.10.10"]
[SourceQuality "1"]

1. e4 e6 2. g3 d5 3. e5 c5 4. Bg2 Nc6 5. Nf3 Nge7 6. 0-0 g6 7. Nc3 Bg7 8. Re1 0-0 9. d3 a6 10. Bf4 Bd7 11. Qd2 Nf5 12. g4 Nfd4 13. Nxd4 Nxd4 14. Re3 g5 15. Bg3 f5 16. exf6 Qxf6 17. Bd6 Rfc8 18. Be5 Qg6 19. Rae1 Rc6 20. Bxg7 Kxg7 21. Re5 h6 22. Nxd5 1-0

[Event "Konnerud Autumn"]
[Site "Konnerud"]
[Date "2017.10.18"]
[Round "5"]
[White "Taksrud, Vidar"]
[Black "Stenseng, Benjamin"]
[Result "1-0"]
[WhiteElo "1983"]
[BlackElo "1171"]
[PlyCount "53"]
[EventDate "2017.09.20"]
[EventType "swiss"]
[EventRounds "9"]
[EventCountry "NOR"]
[SourceTitle "EXT 2024"]
[Source "ChessBase"]
[SourceDate "2023.10.10"]
[SourceVersion "1"]
[SourceVersionDate "2023.10.10"]
[SourceQuality "1"]

1. Nf3 f5 2. d4 Nf6 3. Bg5 e6 4. e3 Be7 5. Nbd2 0-0 6. Bd3 d5 7. Ne5 Nbd7 8. Ndf3 c6 9. 0-0 Ne4 10. Bxe7 Qxe7 11. Nxd7 Bxd7 12. Ne5 Be8 13. c3 Rc8 14. f4 c5 15. g4 c4 16. Bxe4 fxe4 17. g5 b5 18. a3 Rc7 19. Kh1 Rf5 20. Rg1 Kf8 21. Qg4 h6 22. gxh6 Bh5 23. Qxf5+ exf5 24. h7 Bf3+ 25. Nxf3 Ke8 26. h8Q+ Qf8 27. Qxf8+ 1-0